Ideología: una aproximación multidisciplinaria
Guardat en:
| Autor principal: | |
|---|---|
| Format: | Llibre |
| Idioma: | espanyol |
| Publicat: |
Barcelona
Gedisa
1999
|
| Edició: | 1a. ed |
| Col·lecció: | Cladema. Lingüística. Análisis del Discurso
|
| Matèries: | |
| Etiquetes: |
Afegir etiqueta
Sense etiquetes, Sigues el primer a etiquetar aquest registre!
|
MARC
| LEADER | 00000nam a2200000 a 4500 | ||
|---|---|---|---|
| 001 | UCJ0865 | ||
| 003 | CL-VaPUC | ||
| 008 | 060908e19990000SP |||||||||||||||||spa|d | ||
| 020 | |a 8474326761 | ||
| 082 | 0 | 4 | |a 401.41 |b DIJ |2 21 |
| 100 | 0 | |a Dijk, Teun Adrianus van |e author |9 501282 | |
| 245 | 1 | 0 | |a Ideología: una aproximación multidisciplinaria |
| 250 | |a 1a. ed | ||
| 300 | |a 473 p | ||
| 942 | |c BK | ||
| 945 | |d 20060908 00:00:00 |a jtorresc | ||
| 260 | |a Barcelona |b Gedisa |c 1999 | ||
| 500 | |a www.gedisa.com | ||
| 650 | 0 | |a Análisis del discurso |9 256696 | |
| 650 | 0 | |a Ideologías |9 255200 | |
| 650 | 0 | |a Racismo |9 255805 | |
| 650 | 0 | |a Retórica |9 266620 | |
| 583 | |a last modification |c 20140409 03:13:19 |k Rodrigo Vera | ||
| 490 | 0 | |a Cladema. Lingüística. Análisis del Discurso | |
| 999 | |c 317617 |d 317615 | ||
| 952 | |0 0 |1 0 |4 0 |6 401_410000000000000_DIJ_1999 |7 0 |8 A |9 394200 |a BIBCUR |b BIBCUR |d 2019-11-22 |i 4263219 |o 401.41 DIJ 1999 |p 4263219 |r 2025-04-22 |w 2019-11-22 |y BK |k PER | ||